Negotiating Skills for Managers (Record no. 2589)

MARC details
000 -LEADER
fixed length control field 00387nam a22001697a 4500
005 - DATE AND TIME OF LATEST TRANSACTION
control field 20160614103502.0
008 - FIXED-LENGTH DATA ELEMENTS--GENERAL INFORMATION
fixed length control field 160614b xxu||||| |||| 00| 0 eng d
020 ## - INTERNATIONAL STANDARD BOOK NUMBER
ISBN 0-07-048633-6
041 ## - LANGUAGE CODE
Language code of text/sound track or separate title eng
082 ## - DEWEY DECIMAL CLASSIFICATION NUMBER
Item number 7334
100 ## - MAIN ENTRY--AUTHOR NAME
Personal name Cohen, Steven
245 ## - TITLE STATEMENT
Title Negotiating Skills for Managers
260 ## - PUBLICATION, DISTRIBUTION, ETC. (IMPRINT)
Name of publisher TMH
Year of publication 2003
300 ## - PHYSICAL DESCRIPTION
Number of Pages 187
650 ## - SUBJECT ADDED ENTRY--TOPICAL TERM
Topical Term Management
942 ## - ADDED ENTRY ELEMENTS (KOHA)
Koha item type Books
Holdings
Lost status Damaged status Collection code Home library Current library Shelving location Date acquired Source of acquisition Cost, normal purchase price Full call number Accession Number Koha item type
    MANAGEMENT JRU Library JRU Library SHELF-72-D 14/06/2016 PURCHASE 185.00 658.453 7334 Books